| 000 | 01705nam1a22003971 4500 | ||
|---|---|---|---|
| 001 | v19\rc\2027976 | ||
| 005 | 20260407102711.0 | ||
| 035 | _a(NLR Aleph) 005108132 | ||
| 090 |
_a7464071 _c7464071 |
||
| 100 | _a20251123 rusy50 | ||
| 101 | 0 | _arus | |
| 102 | _aRU | ||
| 105 | _a z ||||| | ||
| 200 | 1 | _aР. Енисей от г. Красноярска до г. Енисейска | |
| 210 |
_aПетроград _cТипография М.П.С. (Т-во И.Н. Кушнерев и К⁰) _d1915-1916 |
||
| 215 | _d25 | ||
| 225 | 1 |
_aМатериалы для описания русских рек и истории улучшения их судоходных условий _fУправление внутренних водных путей и шоссейных дорог _v... |
|
| 532 | 1 | 2 | _aРека Енисей от города Красноярска до города Енисейска |
| 607 |
_aЕнисей, река (Сибирь) _91309137 _3RU\NLR\AUTH\66226182 |
||
| 686 | 1 | _aД225.9(2Р54)Енисей | |
| 711 | 0 | 1 |
_aРоссия _bУправление внутренних водных путей и шоссейных дорог _9357553 _3RU\NLR\AUTH\889931041 |
| 801 | 0 |
_aRU _bNLR _gpsbo |
|
| 801 | 0 |
_aRU _bRuMoRGB _2psbo |
|
| 801 | 1 |
_aRU _bProSoft-M _2rusmarc |
|
| 852 |
_aNLR _jИр20 Б-76/1 (59) |
||
| 852 |
_aNLR _jИр20 Б-9/2 (60) |
||
| 899 |
_aRuMoRGB _jN 47/1 (вып. 59-60) |
||
| 899 |
_aRuMoRGB _jN 45/101 (вып. 59-60) |
||
| 899 |
_aRuMoRGB _jN 84/105 |
||
| 899 |
_aRuMoRGB _jA 298/677 (вып. 60) |
||
| 899 |
_aRuMoRGB _jA 298/676 (вып. 60) |
||
| 899 | _aБАН | ||
| 899 | _aНБ МГУ | ||
| 942 | _cBOOK | ||
| 980 | _aNB | ||